| 000 | 00703nam a2200205Ia 4500 | ||
|---|---|---|---|
| 999 |
_c38721 _d38721 |
||
| 001 | 39412 | ||
| 005 | 20231120100608.0 | ||
| 008 | 140423s9999 xx 000 0 und d | ||
| 020 | _aNA | ||
| 040 | _cPK-LaUMT | ||
| 082 |
_aPKAC 306 _bAHM-S |
||
| 100 | _aAhmad Nadeem Qasimi = احمد ندیم قاسمی | ||
| 245 |
_aSaqafat kiya hay? = ثقافت کیا ہے؟ / _cby Ahmad Nadeem Qasimi, Khalifa Abdul Hakeem and Muhammad Ajmal = اھمد ندیم قاسمی، خلیفہ عبدالحکیم اور محمد اجمل |
||
| 260 |
_aLahore: _bIdarah-e-Siqafat i Islamiah, _c1999 |
||
| 300 | _a54 p. | ||
| 546 | _aUR | ||
| 700 | _aAjmal, Muhammad | ||
| 700 | _aNadeem Qasmi, Ahmad | ||
| 942 | _cBK | ||